书目信息 |
| 题名: |
数学
|
|
| 作者: | ||
| 分册: | ||
| 出版信息: | 成都 四川人民出版社 1979.06 |
|
| 页数: | 146页 | |
| 开本: | 26cm | |
| 丛书名: | ||
| 单 册: | ||
| 中图分类: | O1-43 | |
| 科图分类: | ||
| 主题词: | 数学 | |
| 电子资源: | ||
| ISBN: | ||
| 000 | 00645nam0 2200205 450 | |
| 001 | 0659324780 | |
| 005 | 20060819163219.93 | |
| 010 | @dCNY0.78 | |
| 100 | @a20060819d1979 km y0chiy0120 ea | |
| 101 | 0 | @achi |
| 102 | @aCN@b510000 | |
| 200 | 1 | @a数学@Ashu xue@e供卫生医士、放射医士、检验士、药剂士专业用 |
| 210 | @a成都@c四川人民出版社@d1979.06 | |
| 215 | @a146页@d26cm | |
| 300 | @a全国中等卫生学校试用教材 | |
| 517 | 1 | @a供卫生医士、放射医士、检验士、药剂士专业用@Agong wei sheng yi shi、fang she yi shi、jian yan shi、yao ji shi zhuan ye yong |
| 606 | 0 | @a数学 |
| 690 | @aO1-43@v3 | |
| 801 | 0 | @aCN@bPFT@c20060819 |
| 905 | @a10447@dO1-43@e303 | |
| 数学:供卫生医士、放射医士、检验士、药剂士专业用.-成都:四川人民出版社,1979.06 |
| 146页;26cm |
| 全国中等卫生学校试用教材 |
| ISBN :CNY0.78 |
| ● |
| 相关链接 |
|
|
|
|
正题名:数学
索取号:O1-43/303
 
预约/预借
| 序号 | 登录号 | 条形码 | 馆藏地/架位号 | 状态 | 备注 |
| 1 | 0468939 | 204689391 | 密集书库/ [索取号:O1-43/303] | 在馆 |